| 000 -ლიდერი |
| ფიქსირებული სიგრძის საკონტროლო ველი |
01091nam a22001937a 4500 |
| 003 - საკონტროლო ნომრის იდენტიფიკატორი |
| საკონტროლო ველი |
Ge_BSU |
| 005 - ბოლო ოპერაციის თარიღი და დრო |
| საკონტროლო ველი |
20230713120040.0 |
| 008 - ფიქსირებული სიგრძის მონაცემთა ელემენტები - ზოგადი ინფორმაცია |
| ფიქსირებული სიგრძის საკონტროლო ველი |
230713s2016ge xxu||||| |||| 00| 0 geo d |
| 041 ## - ენის კოდი |
| Language code of text/sound track or separate title |
geo |
| 080 ## - უნივერსალური ათობითი კლასიფიკაციის ინდექსი |
| Universal Decimal Classification number |
929(479.22)(092) მ-59 |
| 100 ## - მთავარი ჩანაწერი - პიროვნების სახელი |
| Personal name |
მეტრეველი, როინ, ავტორი. |
| 9 (RLIN) |
5447 |
| 245 ## - ცნობა სათაურის შესახებ |
| Title |
აკადემიის წევრ-კორესპონდენტი შოთა მესხია |
| Remainder of title |
100 / |
| Statement of responsibility, etc |
როინ მეტრეველი. |
| 264 ## - წარმოების, გამოცემის, დისტრიბუციის და სხვა ცნობები |
| გამოცემის, წარმოების, დისტრიბუციის... ადგილი |
თბილისი, |
| გამოცემის, წარმოების, დისტრიბუციის... თარიღი |
2016. |
| 300 ## - ფიზიკური აღწერა |
| Extent |
44 გვ.: |
| Other physical details |
ილ ; |
| Dimensions |
18 სმ. |
| 653 ## - INDEX TERM--UNCONTROLLED |
| Uncontrolled term |
სახელოვანი მეცნიერი და მოღვაწე : შოთა მესხია - 100 |
| 653 ## - INDEX TERM--UNCONTROLLED |
| Uncontrolled term |
მესხია, შოთა, ქართველი ისტორიკოსი, ისტორიის მეცნიერებათა დოქტორი, 1916-1972. |
| 711 ## - ADDED ENTRY--MEETING NAME |
| Meeting name or jurisdiction name as entry element |
საქართველოს მეცნიერებათა ეროვნული აკადემია |
| 9 (RLIN) |
19300 |
| 942 ## - ADDED ENTRY ELEMENTS (KOHA) |
| Source of classification or shelving scheme |
|
| Koha item type |
წიგნი |